[Event "60th ch-MNE"]
[Site "Cetinje MNE"]
[Date "2008.07.09"]
[Round "3"]
[White "Krivokapic,M"]
[Black "Djukic,Ni"]
[Result "0-1"]
[WhiteElo "2421"]
[BlackElo "2545"]

1.e4 c5 2.Nf3 Nc6 3.d4 cxd4 4.Nxd4 Qc7 5.Nc3 e6 6.Be3 a6 7.Be2 Nf6 8.O-O Be7
9.f4 d6 10.Kh1 O-O 11.Qe1 Nxd4 12.Bxd4 b5 13.a3 Bb7 14.Qg3 Rad8 15.Rae1 Rd7
16.Bd3 Re8 17.e5 dxe5 18.Bxe5 Qd8 19.f5 Bd6 20.Qh3 Bxe5 21.Rxe5 Rd6 22.Rfe1 exf5
23.Qxf5 Rxe5 24.Rxe5 g6 25.Qg5 Qd7 26.Kg1 Ng4 27.Re2 Rxd3 28.cxd3 Qd4+ 29.Kh1 Nf2+
30.Rxf2 Qxf2 31.h3 Qf1+ 32.Kh2 Qxd3 33.Qe7 Bc6 34.Qf6 Qd7 35.Ne2 Qe6 36.Qd8+ Kg7
37.Qd4+ Qf6 38.Qd2 Qe5+ 39.Kg1 h5 40.h4 Qf6 41.Qb4 Bd5 42.Nf4 Bc4 43.g3 Qd4+
44.Kg2 Kf6 45.Kf3 Kf5 46.Qe7 Bd5+ 47.Nxd5 Qxd5+ 48.Kf2 Qd4+ 49.Kf3 Qd3+ 50.Kf2 Qc2+
51.Kf3 Qb3+ 52.Kg2 Qxb2+ 53.Kh3 Qf6 54.Qe3 Qe5 55.Qb6 Qd5 56.Qf2+ Ke6 57.Kh2 Qd6
58.Qf3 Qd2+ 59.Kh3 Qd5 60.Qe3+ Kf6 61.Qc3+ Qe5 62.Qa5 Kg7 63.Kg2 Qe4+ 64.Kf2 Qc6
65.Ke3 Kh7 66.Kf2 Qc2+ 67.Kg1 Qa4 68.Qc3 a5 69.Qc7 Qd1+ 70.Kh2 Qd2+ 71.Kh3 Qd5  0-1

[Event "5th Sth Wales Int"]
[Site "Trefforst WLS"]
[Date "2008.07.09"]
[Round "7"]
[White "Rees,I"]
[Black "Radovanovic,J"]
[Result "1/2-1/2"]
[WhiteElo "2287"]
[BlackElo "2325"]

1.e4 c5 2.Nf3 Nc6 3.d4 cxd4 4.Nxd4 Qb6 5.Nb3 Nf6 6.Be3 Qc7 7.N1d2 g6 8.c4 Bg7
9.Be2 O-O 10.c5 d5 11.cxd6 Qxd6 12.O-O b6 13.f3 Bb7 14.Nc4 Qe6 15.Qe1 Rfd8
16.Rc1 Rac8 17.Rf2 Nd7 18.Bf1 Nde5 19.Nxe5 Nxe5 20.Rd2 Rxd2 21.Qxd2 h5 22.Rc7 Rxc7
23.Qd8+ Kh7 24.Qxc7  1/2-1/2

[Event "19th Czech Oce Open"]
[Site "Pardubice CZE"]
[Date "2008.07.12"]
[Round "4"]
[White "Morozov,D"]
[Black "Kononenko,Dmitry1"]
[Result "0-1"]
[WhiteElo "2351"]
[BlackElo "2502"]

1.e4 c5 2.Nf3 Nc6 3.d4 cxd4 4.Nxd4 Qb6 5.Nb3 Nf6 6.Nc3 e6 7.Be3 Qc7 8.f4 Bb4
9.Bd3 d5 10.e5 Ne4 11.Bxe4 Bxc3+ 12.bxc3 dxe4 13.Nd2 Ne7 14.Nxe4 Nf5 15.Bd4 b6
16.O-O Bb7 17.Qd3 h5 18.a4 Rc8 19.Rf2 Bxe4 20.Qxe4 O-O 21.Qe2 h4 22.a5 bxa5
23.Qa6 Rfd8 24.Qxa5 Nxd4 25.Qxc7 Rxc7 26.cxd4 Rxd4 27.g3 h3 28.Re2 Kh7 29.Kf2 Kg6
30.Kf3 Kh5 31.Rb1 Rdc4 32.Rb8 Rc3+ 33.Kf2 Rxc2 34.Rh8+ Kg4 35.Rh4+ Kf5 36.Rxh3 Rxe2+
37.Kxe2 Rc8 38.Rh7 Kg6 39.Rh3 a5 40.Kd2 Kf5 41.Rh7 Kg6 42.Rh3 Kf5 43.Rh7 Rg8
44.Kc2 Kg6 45.Rh3 Rb8 46.g4 a4 47.Rf3 Rb4 48.h3 Kh6 49.Kc1 Kh7 50.Kc2 Kg8
51.f5 Kh7 52.fxe6 fxe6 53.Rf8 a3 54.Ra8 Rb2+ 55.Kc3 Rh2 56.Kd4 Rxh3 57.Ke4 Rb3
58.Ra6 g5 59.Ra7+ Kg6 60.Ra6 Kf7 61.Ra7+ Ke8 62.Kd4 Rg3 63.Kc5 Rd3 64.Kc6 Rg3
65.Ra4 Kf7 66.Ra7+ Kg6  0-1

[Event "2nd LCT"]
[Site "Leiden NED"]
[Date "2008.07.13"]
[Round "3"]
[White "Slingerland,F"]
[Black "Van der Wiel,J"]
[Result "1/2-1/2"]
[WhiteElo "2354"]
[BlackElo "2504"]

1.e4 c5 2.Nf3 Nc6 3.d4 cxd4 4.Nxd4 Qb6 5.Nb3 Nf6 6.Nc3 e6 7.Be3 Qc7 8.f4 Bb4
9.Bd3 Bxc3+ 10.bxc3 d6 11.O-O b6 12.Nd4 Bb7 13.Nb5 Qe7 14.Nxd6+ Qxd6 15.e5 Qe7
16.exf6 gxf6 17.Be4 f5 18.Bf3 Qd7 19.Qxd7+ Kxd7 20.c4 Na5 21.c5 Bxf3 22.Rxf3 Kc6
23.cxb6 axb6  1/2-1/2

[Event "Kings Gambit B"]
[Site "Lipetsk RUS"]
[Date "2008.07.17"]
[Round "9"]
[White "Chulivska,V"]
[Black "Kovalenko,I"]
[Result "1-0"]
[WhiteElo "2238"]
[BlackElo "2415"]

1.e4 c5 2.Nf3 Nc6 3.d4 cxd4 4.Nxd4 Qb6 5.Nb3 Nf6 6.Nc3 e6 7.Bd3 d6 8.O-O Qc7
9.f4 a6 10.Qf3 Rb8 11.Be3 b5 12.Rae1 Bb7 13.Qg3 b4 14.Nd1 g6 15.f5 gxf5 16.exf5 Rg8
17.Bg5 e5 18.Qh4 Ne7 19.Re2 Nd7 20.Bxe7 Bxe7 21.f6 Qc6 22.Ne3 Bd8 23.Qxh7 Rf8
24.Nd4 exd4 25.Nc4+ Ne5 26.Nxe5 dxe5 27.Rxe5+ Kd7 28.Qf5+ Kd6 29.Be4 Qc4
30.Qf4 Kd7 31.Bf5+ Kc6 32.Bd3 Qxa2 33.Qxd4 Kc7 34.Rc5+ Bc6 35.Rxc6+ Kxc6
36.Be4+ Kb5 37.Qe5+ Ka4 38.Bc6+ Rb5 39.Bxb5+ axb5 40.b3+ Ka3 41.Ra1 Bb6+
42.Kf1  1-0

[Event "19th Czech Chladek & Tintera A Open"]
[Site "Pardubice CZE"]
[Date "2008.07.18"]
[Round "1"]
[White "Boskovic,D"]
[Black "Svoboda,V2"]
[Result "1-0"]
[WhiteElo "2455"]
[BlackElo "2254"]

1.e4 c5 2.Nf3 Nc6 3.d4 cxd4 4.Nxd4 Qb6 5.Nb3 Nf6 6.Nc3 e6 7.Bd3 Be7 8.Be3 Qc7
9.f4 d6 10.Qf3 a6 11.g4 g5 12.O-O-O gxf4 13.Qxf4 Nd7 14.Rhf1 Nde5 15.g5 b5
16.Kb1 Bb7 17.h4 O-O-O 18.Nd4 Kb8 19.Nxc6+ Bxc6 20.Ne2 Rc8 21.Nd4 Bb7 22.Nf3 Nc4
23.Bc1 Rhf8 24.h5 Qc5 25.Ka1 Ka8 26.Rfe1 Rc7 27.Qg4 Rd8 28.Qg1 f5 29.Nd4 Bc8
30.exf5 exf5 31.Nxf5 Bxf5 32.Qxc5 Rxc5 33.Bxf5  1-0

[Event "19th Czech Chladek & Tintera A Open"]
[Site "Pardubice CZE"]
[Date "2008.07.20"]
[Round "3"]
[White "Kavcic,Z"]
[Black "Wirig,A"]
[Result "0-1"]
[WhiteElo "2290"]
[BlackElo "2456"]

1.e4 c5 2.Nf3 Nc6 3.d4 cxd4 4.Nxd4 Qb6 5.Nb3 e6 6.Nc3 Nf6 7.Bd3 a6 8.O-O d6
9.a4 Bd7 10.a5 Qc7 11.Be3 Be7 12.Na4 Ne5 13.Nb6 Rd8 14.h3 Bc6 15.f4 Ned7
16.Nxd7 Rxd7 17.Bb6 Qb8 18.Qe1 O-O 19.Nd4 Bd8 20.Nxc6 Bxb6+ 21.axb6 bxc6
22.Rxa6 Rb7 23.e5 dxe5 24.fxe5 Nd7 25.Qe4 g6 26.Qxc6 Nxe5 27.Qb5 Nxd3 28.cxd3 Qd6
29.Rc1 Rfb8 30.Rc6 Qd4+ 31.Kh1 Qe3 32.b4 Rd7 33.Qc5 Qe1+ 34.Kh2 Rxd3 35.Rc8+ Rxc8
36.Qxc8+ Kg7 37.Qc2 Rc3  0-1

[Event "1st Open"]
[Site "Paleochora GRE"]
[Date "2008.07.22"]
[Round "2"]
[White "Kaforos,D"]
[Black "Perunovic,Mil"]
[Result "0-1"]
[WhiteElo "2173"]
[BlackElo "2589"]

1.e4 c5 2.Nf3 Nc6 3.d4 cxd4 4.Nxd4 Qc7 5.Nc3 e6 6.Be3 a6 7.Be2 b5 8.O-O Bb7
9.Qd2 Nf6 10.a3 Ne5 11.f4 Nc4 12.Bxc4 Qxc4 13.Rad1 Bxe4 14.b3 Qc7 15.Nxe4 Nxe4
16.Qd3 Nf6 17.f5 e5 18.Rfe1 Bc5 19.b4 Be7 20.Nb3 O-O 21.Bg5 Rfd8 22.Bxf6 Bxf6
23.Qd6 Qxc2 24.Nc5 Qxf5 25.Nxd7 Qe6 26.Qc7 Rdc8 27.Qb7 h6 28.Rc1 Rd8 29.Rc7 e4
30.Qxe4 Bd4+ 31.Kh1 Qd6 32.Qb7 Ra7 33.Rc8 Qxd7  0-1

[Event "19th Czech Chladek & Tintera A Open"]
[Site "Pardubice CZE"]
[Date "2008.07.22"]
[Round "5"]
[White "Rabeyrin,J"]
[Black "Antoli Royo,J"]
[Result "1/2-1/2"]
[WhiteElo "2302"]
[BlackElo "2441"]

1.e4 c5 2.Nf3 Nc6 3.d4 cxd4 4.Nxd4 Qc7 5.Nc3 e6 6.Be2 a6 7.O-O b5 8.Nxc6 dxc6
9.Bg5 e5 10.Qd3 Be6 11.Rad1 Nf6 12.Bxf6 gxf6 13.Qf3 Qe7 14.a4 Rb8 15.axb5 axb5
16.Ra1 Bg7 17.Nd1 O-O 18.Ne3 Qb4 19.b3 Rfd8 20.Nf5 Rd2 21.Bd3 Re8 22.Nxg7 Kxg7
23.Qg3+ Kf8 24.Qh4 Kg7 25.Qg3+ Kf8 26.Qh4 Kg7  1/2-1/2

[Event "19th Czech Chladek & Tintera A Open"]
[Site "Pardubice CZE"]
[Date "2008.07.22"]
[Round "5"]
[White "Krejci,Jan2"]
[Black "Sumaneev,D"]
[Result "1/2-1/2"]
[WhiteElo "2305"]
[BlackElo "2465"]

1.e4 c5 2.Nf3 Nc6 3.d4 cxd4 4.Nxd4 Qc7 5.Nc3 e6 6.Be2 a6 7.Be3 Nf6 8.a3 Ne5
9.f4 Nc4 10.Bc1 d6 11.Qd3 Nb6 12.Be3 Nbd7 13.Nb3 b5 14.g4 h6 15.h4 Bb7 16.O-O-O d5
17.Bf3 dxe4 18.Nxe4 Nd5 19.Kb1 Rc8 20.Rhe1 Be7 21.g5 hxg5 22.Nxg5 Bxg5 23.Bxd5 Bxd5
24.hxg5 Kf8 25.Bd2 Kg8  1/2-1/2

[Event "2nd IRT 54th Aniv Martelli"]
[Site "Villa Martelli ARG"]
[Date "2008.07.22"]
[Round "7"]
[White "Delai,P"]
[Black "Bassan,R"]
[Result "0-1"]
[WhiteElo "2081"]
[BlackElo "2109"]

1.e4 c5 2.Nf3 Nc6 3.d4 cxd4 4.Nxd4 Qb6 5.Nb3 Nf6 6.Be3 Qb4+ 7.N1d2 Nxe4 8.c3 Qa4
9.f3 Nxd2 10.Qxd2 g6 11.h4 Bg7 12.h5 d6 13.Be2 Be6 14.Kf2 Bxb3 15.axb3 Qxb3
16.Rh4 Qe6 17.Rah1 Bf6 18.Re4 Qd7 19.c4 a5 20.g4 Rg8 21.g5 Bg7 22.Rd1 Kf8
23.c5 Rd8 24.h6 Bh8 25.cxd6 Qxd6 26.Qc2 Qh2+ 27.Kf1 Qh1+ 28.Bg1 Qh3+ 29.Ke1 Qg3+
30.Bf2 Rxd1+ 31.Qxd1 Qxg5 32.Qd7 Qxh6 33.Qxb7 Qc1+ 34.Bd1 Bxb2 35.Be3 Bc3+
36.Ke2 Qb2+ 37.Qxb2 Bxb2 38.Rc4 Nd8 39.Bb6 Kg7 40.Bxa5 Nb7 41.Bb4 Nd6 42.Rc7 Nf5
43.Ba4 Bf6 44.Bd7 Rb8 45.Bc5 Nd4+ 46.Ke3 Rb3+ 47.Ke4 Nxf3 48.Ba4 Ng5+ 49.Kd5 Rd3+
50.Kc4 Rc3+ 51.Kd5 e6+  0-1

[Event "III Open"]
[Site "Oviedo ESP"]
[Date "2008.07.23"]
[Round "1"]
[White "Llorente Gonzalez,J"]
[Black "Fernandez Diez,A"]
[Result "0-1"]
[WhiteElo "1572"]
[BlackElo "2068"]

1.e4 c5 2.Nf3 Nc6 3.d4 cxd4 4.Nxd4 Qb6 5.c3 Nf6 6.Nxc6 dxc6 7.Qc2 e5 8.Be3 Bc5
9.Bxc5 Qxc5 10.Be2 Be6 11.Nd2 a5 12.a4 O-O 13.O-O Rfd8 14.Rad1 h6 15.h3 b5
16.b3 Rab8 17.Kh2 Nd7 18.Nf3 bxa4 19.bxa4 Bb3 20.Qd2 Bxd1 21.Rxd1 Qe7 22.Qa2 Nc5
23.Rf1 Nxe4 24.Qc4 Nd2 25.Nxd2 Rxd2 26.Bf3 Qd6 27.Be4 g6 28.g3 Kg7 29.Kg2 h5
30.h4 f5 31.Bb1 Qd5+ 32.Qxd5 cxd5 33.Re1 Kf6 34.Kf3 Rbb2 35.Rf1 Rb3 36.Ke3 Rdb2
37.Bd3 Rxc3 38.f3 d4+  0-1

[Event "1st Open"]
[Site "Paleochora GRE"]
[Date "2008.07.23"]
[Round "4"]
[White "Kryvoruchko,Y"]
[Black "Matsenko,S"]
[Result "1-0"]
[WhiteElo "2628"]
[BlackElo "2440"]

1.e4 c5 2.Nf3 Nc6 3.d4 cxd4 4.Nxd4 Qc7 5.Nc3 e6 6.Be3 a6 7.Qd2 Nf6 8.O-O-O Bb4
9.f3 Ne5 10.Nb3 b5 11.Qe1 Nc4 12.Bd4 O-O 13.e5 Bxc3 14.Bxc3 Nd5 15.Bd4 a5
16.Nc5 a4 17.a3 f6 18.exf6 Nxf6 19.Qg3 e5 20.Bxc4+ bxc4 21.Qxe5 d6 22.Qg3 Bf5
23.Bxf6 Rxf6 24.Ne4 Rg6 25.Qf4 Rf8 26.Qd2 Bxe4 27.fxe4 c3 28.bxc3 Qc4 29.Qd5+ Qxd5
30.exd5 Rxg2 31.Rd2 Rff2 32.Rxf2 Rxf2 33.c4 Kf7 34.Kb2 g5 35.Kc3 g4 36.Rg1 h5
37.Re1 Rf3+ 38.Kd4 Rf2 39.Kc3 Rf3+ 40.Kd4 Rxa3 41.c5 dxc5+ 42.Kc4 Ra2 43.Re2 a3
44.d6 Ra1 45.Kxc5 a2 46.c4 h4 47.Rc2 Ke8 48.Kc6 Kd8 49.Rf2  1-0

[Event "19th Czech Chladek & Tintera A Open"]
[Site "Pardubice CZE"]
[Date "2008.07.25"]
[Round "8"]
[White "Laubsch,B"]
[Black "Vokac,M"]
[Result "0-1"]
[WhiteElo "2285"]
[BlackElo "2451"]

1.e4 c5 2.Nf3 Nc6 3.d4 cxd4 4.Nxd4 Qb6 5.Nb5 Nf6 6.N1c3 a6 7.Na3 Qd8 8.Nd5 b5
9.Nxf6+ gxf6 10.c4 b4 11.Nc2 d6 12.Qh5 Rb8 13.b3 Bg7 14.Bh6 Rg8 15.Be3 Kf8
16.O-O-O Be6 17.Be2 Qc8 18.g4 a5 19.f4 a4 20.Rhg1 Bd7 21.f5 axb3 22.axb3 Na5
23.Kb2 Bc6 24.Bd3 Nb7 25.Qh3 Nc5 26.Bxc5 dxc5 27.Qe3 Bb7 28.Qf4 Ke8 29.Ra1 e5
30.Qf2 Bh6 31.Qh4 Bg5 32.Qf2 Qc7 33.Ne3 Bxe3 34.Qxe3 Ke7 35.g5 fxg5 36.Rxg5 Qd6
37.f6+ Kd7 38.Rd1 Rxg5 39.Be2 Qxd1 40.Bxd1 Rg2+ 41.Kb1 Kd6 42.Bf3 Rg6 43.Qd2+ Kc7
44.Qf2 Kb6 45.Qh4 Rd8 46.Bh5 Rg1+ 47.Kc2 Rg2+ 48.Kb1 Rd3 49.Kc1 Rc3+ 50.Kd1 Rxb3
51.Ke1 Rb1+ 52.Bd1 Rg1+ 53.Ke2 Rbxd1 54.Qxh7 Rge1+ 55.Kf2 Rf1+ 56.Ke2 Rde1+
57.Kd2 Rxe4 58.Qxf7 Ref4 59.Qe6+ Bc6 60.Qxe5 R4f2+  0-1

[Event "1st Open"]
[Site "Paleochora GRE"]
[Date "2008.07.27"]
[Round "8"]
[White "Kislik,E"]
[Black "Matsenko,S"]
[Result "1/2-1/2"]
[WhiteElo "2302"]
[BlackElo "2440"]

1.e4 c5 2.Nf3 Nc6 3.d4 cxd4 4.Nxd4 Qc7 5.Nc3 e6 6.Be3 a6 7.Bd3 Nf6 8.O-O b5
9.Nxc6 Qxc6 10.a3 Bb7 11.Be2 Qc7 12.Bf3 Bd6 13.g3 h5 14.Qe2 Be5 15.Rad1 Bxc3
16.bxc3 Bxe4 17.Bd4 Bxf3 18.Qxf3 Qc6 19.Qf4 Nd5 20.Qg5 Nxc3 21.Rd2 Ne4 22.Qxg7 O-O-O
23.Rd3 h4 24.f3 Qxc2 25.Qe5 hxg3 26.Rc3+ Nxc3 27.Qc5+ Kb8 28.Qb6+  1/2-1/2

[Event "9th Epetium Open"]
[Site "Stobrec CRO"]
[Date "2008.07.28"]
[Round "3"]
[White "Krstic,U"]
[Black "Katavic,B"]
[Result "1-0"]
[WhiteElo "2367"]
[BlackElo "2175"]

1.e4 c5 2.Nf3 Nc6 3.d4 cxd4 4.Nxd4 Qc7 5.Nc3 e6 6.f4 a6 7.Nxc6 Qxc6 8.Bd3 Nf6
9.O-O d5 10.exd5 Nxd5 11.Nxd5 Qxd5 12.c4 Qc6 13.Kh1 Be7 14.Bd2 b6 15.Re1 Bb7
16.Be4 Qd7 17.Bc3 Bxe4 18.Rxe4 Qb7 19.Qe2 O-O 20.f5 Bd6 21.f6 g6 22.Qd2 Rfd8
23.Rd4 Be7 24.fxe7 Qxe7 25.Rd1  1-0

[Event "Dutch Open"]
[Site "Dieren NED"]
[Date "2008.07.30"]
[Round "8"]
[White "Laarhoven,T"]
[Black "Van Eijk,S"]
[Result "1/2-1/2"]
[WhiteElo "2219"]
[BlackElo "2315"]

1.e4 c5 2.Nf3 Nc6 3.d4 cxd4 4.Nxd4 Qb6 5.Nb3 Nf6 6.Nc3 e6 7.Qe2 Bb4 8.Bd2 O-O
9.a3 Be7 10.O-O-O Qc7 11.g4 d6 12.Bg2 a6 13.f4 Nd7 14.h4 b5 15.g5 Nc5 16.Nxc5 dxc5
17.e5 Nd4 18.Qh5 Bb7 19.Ne4 b4 20.Rhg1 g6 21.Qg4 bxa3 22.bxa3 a5 23.Bc3 Nf5
24.Qh3 Bd5 25.Nf6+ Bxf6 26.Bxd5 Be7 27.Bxa8 Rxa8 28.h5 c4 29.Bb2 Bc5 30.Rge1 Rb8
31.hxg6 fxg6 32.Qc3 Qb6 33.Re4 Ne3 34.Rd6 Qb7 35.Rxe3 Bxe3+ 36.Qxe3 Qxb2+
37.Kd2 Qb7 38.Qh3 Re8 39.Kc1 Qe4 40.Qg3 Rf8 41.Rxe6 Qh1+ 42.Kb2 Rb8+ 43.Kc3 Qa1+
44.Kd2 Qd4+ 45.Kc1 Qb2+ 46.Kd1 Qd4+ 47.Kc1 c3 48.Rd6 Qc5 49.Rd3 Qxa3+ 50.Kd1 Rb1+
51.Ke2 Qc1 52.Rxc3 Qf1+ 53.Ke3 Re1+ 54.Kd4 Rd1+ 55.Rd3 Rb1 56.Rb3 Rd1+ 57.Rd3 Re1
58.Qg4 Qf2+ 59.Kd5 Rb1 60.Qc8+ Kg7 61.Qd7+ Kg8 62.Qd8+ Kg7 63.Qd7+ Kg8 64.Qd8+ Kg7
65.Qf6+ Kg8 66.Qd8+ Kg7  1/2-1/2

[Event "12th HZ Open"]
[Site "Vlissingen NED"]
[Date "2008.08.06"]
[Round "6"]
[White "Brandenburg,D"]
[Black "Van Eijk,S"]
[Result "0-1"]
[WhiteElo "2431"]
[BlackElo "2315"]

1.e4 c5 2.Nf3 Nc6 3.d4 cxd4 4.Nxd4 Qb6 5.Nb3 Nf6 6.Nc3 e6 7.Qe2 Bb4 8.Bd2 O-O
9.a3 Be7 10.e5 Ne8 11.O-O-O d5 12.exd6 Nxd6 13.Bf4 Rd8 14.g3 Nf5 15.Bg2 Bd7
16.Qe4 Be8 17.Nd5 Rxd5 18.Rxd5 exd5 19.Qxf5 Qxf2 20.Bxd5 Bd6 21.Qe4 Bxf4+
22.Qxf4 Qxf4+ 23.gxf4 Rd8 24.Re1 Kf8 25.c4 b6 26.Nd2 Ne7 27.Bg2 Ng6 28.Rf1 Rd4
29.Be4 Bd7 30.f5 Ne5 31.b3 Ng4 32.Rf3 Nxh2 33.Rf4 Bc6 34.f6 g5 35.Rf2 Bxe4
36.Rxh2 Bg6 37.Nf3 Rg4 38.Ne5 Rg1+ 39.Kb2 h5 40.Rd2 Kg8 41.b4 g4 42.Nxg6 fxg6
43.c5 bxc5 44.bxc5 Rf1 45.c6 Rxf6 46.c7 Rc6 47.Rc2 Rxc7 48.Rxc7 g3 49.Rc5 Kf7
50.Rg5 h4 51.Rg4 g5 52.Rxg5 Kf6 53.Rg8 Kf5 54.Kc2 Kf4 55.Rf8+ Ke3 56.Rg8 Kf2
57.Kd2 h3 58.Rf8+ Kg2 59.Ra8 h2 60.Rxa7 h1=Q 61.Re7 Qh6+ 62.Ke1 Qc1+ 63.Ke2 Qxa3  0-1

[Event "5th Open"]
[Site "Kalamaria GRE"]
[Date "2008.08.07"]
[Round "6"]
[White "Timoshenko,G"]
[Black "Haznedaroglu,K"]
[Result "1/2-1/2"]
[WhiteElo "2572"]
[BlackElo "2444"]

1.e4 c5 2.Nf3 Nc6 3.d4 cxd4 4.Nxd4 Qb6 5.Nb3 Nf6 6.Nc3 e6 7.Bd3 a6 8.Be3 Qc7
9.f4 d6 10.Qf3 Be7 11.O-O O-O 12.Rae1 Nb4 13.Kh1 b5 14.e5 Bb7 15.Qg3 Nh5
16.Qg4  1/2-1/2

[Event "Arctic Chess Challenge"]
[Site "Tromso NOR"]
[Date "2008.08.07"]
[Round "6"]
[White "Carlsen,I"]
[Black "Brasoy,A"]
[Result "0-1"]
[WhiteElo "1521"]
[BlackElo "2004"]

1.e4 c5 2.Nf3 Nc6 3.d4 cxd4 4.Nxd4 Qb6 5.Nb3 Nf6 6.Nc3 a6 7.Be3 Qc7 8.Be2 e6
9.a3 Be7 10.O-O O-O 11.f4 d6 12.Qd2 b5 13.Kh1 Bb7 14.Bf3 Nd7 15.Rfe1 Rfd8
16.Qf2 Rac8 17.Rad1 Bf8 18.h4 Re8 19.h5 h6 20.g4 Kh8 21.Qg2 Ne7 22.g5 Ng8
23.gxh6 Nxh6 24.f5 exf5 25.Bxh6 gxh6 26.Rg1 Nf6 27.exf5 Bxf3 28.Qxf3 Qc6
29.Qxc6 Rxc6 30.Rde1 Rxe1 31.Rxe1 Rc4 32.Kg2 Rf4 33.Rf1 Rxf1 34.Kxf1 Nxh5
35.Kf2 Nf6 36.Kf3 Kg7 37.Ne4 Nxe4 38.Kxe4 Kf6 39.Nd2 h5 40.Nf3 Bh6 41.b3 Bg5
42.c4 bxc4 43.bxc4 h4 44.Ng1 Bc1 45.a4 Kg5 46.Nf3+ Kg4 47.Nh2+ Kg3 48.Nf3 h3
49.a5 h2 50.Nxh2 Kxh2 51.Kd5 Ba3 52.Ke4 Bb4 53.Kd5 Kg3  0-1

[Event "US Open"]
[Site "Dallas USA"]
[Date "2008.08.09"]
[Round "8"]
[White "Zepeda,L"]
[Black "Dahl,M"]
[Result "0-1"]
[WhiteElo "2161"]
[BlackElo "2054"]

1.e4 c5 2.Nf3 Nc6 3.d4 cxd4 4.Nxd4 Qc7 5.Be3 a6 6.c4 Nf6 7.f3 e6 8.Nc3 Bd6
9.g3 h5 10.Qd2 h4 11.g4 Qb8 12.O-O-O Ne5 13.f4 Nexg4 14.e5 Nxe3 15.Qxe3 Bc7
16.Kb1 Ng8 17.Qg1 Kf8 18.Qg2 d6 19.Rg1 g6 20.Bd3 Ne7 21.Qg5 dxe5 22.fxe5 Bxe5
23.Nf3 Rh5 24.Qg4 Bxc3 25.bxc3 e5 26.Qe4 b5 27.cxb5 Bb7 28.Qe2 Nd5 29.Qe1 e4
30.Bxe4 Nxc3+ 31.Qxc3 Bxe4+ 32.Ka1 Bxf3 33.Qxf3 Qe5+ 34.Kb1 Qxb5+ 35.Qb3 Qe5
36.Qb4+ Kg7 37.Qd4 Re8 38.Rg2 Kh7 39.Qxe5 Rhxe5 40.Rdd2 Rc8 41.Kb2 Rb5+ 42.Ka3 Rc6
43.Rd7 Rf6 44.Ra7 Rbf5  0-1

[Event "XVII TCh-MKD"]
[Site "Struga MKD"]
[Date "2008.08.09"]
[Round "6"]
[White "Nestorovic,N"]
[Black "Kozul,Z"]
[Result "0-1"]
[WhiteElo "2422"]
[BlackElo "2579"]

1.e4 c5 2.Nf3 Nc6 3.d4 cxd4 4.Nxd4 Qb6 5.Nb3 Nf6 6.Nc3 e6 7.Bd3 a6 8.O-O Qc7
9.f4 d6 10.Qf3 Rb8 11.Bd2 b5 12.Rae1 b4 13.Ne2 g6 14.c4 Nd7 15.Be3 Bg7 16.Qf2 O-O
17.Ng3 a5 18.Rd1 a4 19.Nc1 b3 20.axb3 axb3 21.Rd2 Na5 22.Rfd1 Nf6 23.Qe2 Bb7
24.Bf2 Ba8 25.h3 Rfc8 26.e5 dxe5 27.fxe5 Ne8 28.c5 Bxe5 29.Ne4 Bf4 30.Be3 Bxe3+
31.Qxe3 Bxe4 32.Qxe4 Qxc5+ 33.Kh1 Qb4 34.Qxb4 Rxb4 35.Ba6 Rcb8 36.Rd7 Nf6
37.Ra7 Nc6 38.Rc7 Ne5 39.Ne2 Nd5  0-1

[Event "Open"]
[Site "Ptuj SLO"]
[Date "2008.08.10"]
[Round "3"]
[White "Kokol,P"]
[Black "Sakelsek,T"]
[Result "1/2-1/2"]
[WhiteElo "2253"]
[BlackElo "2390"]

1.e4 c5 2.Nf3 Nc6 3.d4 cxd4 4.Nxd4 Qc7 5.Nc3 e6 6.Be3 a6 7.Bd3 Nf6 8.O-O b5
9.Nxc6 Qxc6 10.f3 Bc5 11.Qe2 Bb7 12.Kh1 b4 13.Nd5 Nxd5 14.exd5 Qb6 15.Bxc5 Qxc5  1/2-1/2

[Event "Open"]
[Site "Ptuj SLO"]
[Date "2008.08.12"]
[Round "5"]
[White "Purgar,I"]
[Black "Kukovec,B"]
[Result "1-0"]
[WhiteElo "2026"]
[BlackElo "2228"]

1.e4 c5 2.Nf3 Nc6 3.d4 cxd4 4.Nxd4 Qc7 5.Nc3 e6 6.Be2 a6 7.O-O Nf6 8.Be3 Bb4
9.Na4 Be7 10.Nxc6 bxc6 11.Nb6 Rb8 12.Nxc8 Qxc8 13.e5 Nd5 14.Bc1 Bc5 15.c4 Ne7
16.b3 Qc7 17.Bb2 d6 18.exd6 Bxd6 19.g3 Be5 20.Qc2 Nf5 21.Rad1 Bxb2 22.Qxb2 c5
23.Bf3 Nd4 24.Rxd4 cxd4 25.Qxd4 O-O 26.c5 a5 27.c6 e5 28.Qc5 Rfd8 29.Re1 Re8
30.Bd5 Kh8 31.a3 f5 32.b4 axb4 33.axb4 e4 34.b5 h6 35.Rb1 Rb6 36.Bf7 Reb8
37.Bd5 Re8 38.Bc4 f4 39.Rd1 Rbb8 40.Rd7 Qa5 41.Qd4 Qe1+ 42.Kg2 f3+ 43.Kh3 Rg8
44.Bxg8 Rxg8 45.c7 Qf1+ 46.Kh4 Qxb5 47.Rxg7  1-0

[Event "Acropolis Open"]
[Site "Athens GRE"]
[Date "2008.08.15"]
[Round "7"]
[White "Velcheva,M"]
[Black "Kourousis,E"]
[Result "1/2-1/2"]
[WhiteElo "2281"]
[BlackElo "2221"]

1.e4 c5 2.Nf3 Nc6 3.d4 cxd4 4.Nxd4 Qb6 5.Nb3 Nf6 6.Bd3 d5 7.exd5 Nxd5 8.O-O e6
9.c4 Nf6 10.Nc3 Be7 11.Qe2 O-O 12.Bf4 Re8 13.Nb5 e5 14.Be3 Qd8 15.Rad1 Bd7
16.Bf5 a6 17.Bxd7 Nxd7 18.Nc3 Qc8 19.Nd5 Nb4 20.Nxe7+ Rxe7 21.c5 Nc6 22.Rd6 Nf8
23.Rfd1 Ne6 24.Qd2 Qc7 25.a3 Rae8 26.g3 h6 27.Qd5 Qc8 28.Kg2 Kh8 29.Qf3 f5
30.Qh5 f4 31.Bd2 Ncd4 32.Nxd4 exd4 33.Bxf4 Qxc5 34.Qxc5 Nxc5 35.R6xd4 Ne6
36.Rc4 Nxf4+ 37.Rxf4 Re2 38.b4 R2e7 39.Rd6 Kh7 40.Rb6 Rc8 41.h4 Rd7 42.g4 Rc3
43.a4 Rdc7 44.a5 R3c6 45.Rxc6 Rxc6 46.h5 b6 47.axb6 Rxb6 48.Kf3 Rb5 49.Re4 a5
50.bxa5 Rxa5 51.Kf4 Rb5 52.Re5 Rb4+ 53.Kf5 Rb6 54.f4 Rf6+ 55.Ke4 Ra6 56.Rd5 Re6+
57.Kf5 Rf6+ 58.Ke5 Rf7 59.f5 Re7+ 60.Kf4 Rf7 61.Rd6 Ra7 62.Re6 Ra4+ 63.Re4 Ra1
64.Rd4 Rb1 65.Ke5 Rb5+ 66.Ke6 Rb6+ 67.Ke7 Rb7+ 68.Rd7 Rb6 69.Rd4 Rb7+ 70.Ke6 Rb6+
71.Ke5 Rb5+ 72.Kf4 Rb1 73.Re4 Rb6 74.g5 hxg5+ 75.Kxg5 Rb1 76.Rd4 Ra1  1/2-1/2

[Event "Independence Cup G"]
[Site "Kyiv UKR"]
[Date "2008.08.17"]
[Round "5"]
[White "Kovchan,A"]
[Black "Nyzhnyk,I"]
[Result "1-0"]
[WhiteElo "2520"]
[BlackElo "2428"]

1.e4 c5 2.Nf3 Nc6 3.d4 cxd4 4.Nxd4 Qb6 5.Nb3 Nf6 6.Nc3 e6 7.Bd3 d6 8.Be3 Qc7
9.f4 a6 10.Qf3 b5 11.g4 Bb7 12.g5 Nd7 13.O-O-O b4 14.Ne2 Rc8 15.Kb1 Na5 16.Nxa5 Qxa5
17.Nd4 Qc7 18.h4 Nc5 19.h5 Be7 20.f5 e5 21.Nb3 Nxd3 22.cxd3 d5 23.Rc1 Qd7
24.Nc5 Bxc5 25.Bxc5 dxe4 26.dxe4 Rxc5 27.Rxc5 Qd4 28.Rd5 Bxd5 29.exd5 Qd2
30.f6 Qxg5 31.fxg7 Qxg7 32.d6 O-O 33.Qf5 f6 34.d7 Qe7 35.Rg1+ Kh8 36.h6 Rg8
37.Rxg8+ Kxg8 38.Qg4+ Kf7 39.Qc4+  1-0

[Event "35th Open"]
[Site "Manresa ESP"]
[Date "2008.08.19"]
[Round "8"]
[White "Corrales Jimenez,F"]
[Black "Almeida Quintana,O"]
[Result "1-0"]
[WhiteElo "2504"]
[BlackElo "2524"]

1.e4 c5 2.Nf3 Nc6 3.d4 cxd4 4.Nxd4 Qb6 5.Nb3 Nf6 6.Nc3 e6 7.Bd3 a6 8.O-O d6
9.Kh1 Qc7 10.a4 Bd7 11.a5 Nb4 12.Be3 Rc8 13.Bb6 Qb8 14.f4 Be7 15.Qe2 Bc6
16.Nd4 Nxd3 17.cxd3 Nd7 18.f5 e5 19.Nc2 h5 20.Rf3 Bg5 21.Rh3 Nf6 22.Nb4 Kf8
23.d4 Kg8 24.Rd1 exd4 25.Bxd4 Re8 26.Nxc6 bxc6 27.Qxa6 c5 28.Bxf6 Bxf6 29.Qxd6 Qxb2
30.Nd5 Rh6 31.Qc6 Qb8 32.a6 Bd4 33.a7 Qd8 34.Qxe8+  1-0

[Event "ch-SLO w"]
[Site "Ljubljana SLO"]
[Date "2008.08.20"]
[Round "5"]
[White "Mihevc,N"]
[Black "Kaps,D"]
[Result "0-1"]
[WhiteElo "2134"]
[BlackElo "2287"]

1.e4 c5 2.Nf3 Nc6 3.d4 cxd4 4.Nxd4 Qc7 5.Nc3 e6 6.g3 a6 7.Bg2 Nf6 8.O-O Bb4
9.Nde2 Bc5 10.Bf4 Ne5 11.Nd4 d6 12.h3 Bd7 13.Nb3 Ba7 14.Qe2 Rc8 15.Be3 Bxe3
16.Qxe3 Nc4 17.Qg5 h6 18.Qc1 O-O 19.Nd1 d5 20.exd5 Nxd5 21.c3 Rfd8 22.Nd4 b5
23.Kh2 Ne7 24.Ne3 e5 25.Ndc2 Nb6 26.Rd1 Be6 27.Rxd8+ Rxd8 28.Qe1 Na4 29.Nd1 f5
30.Nce3 f4 31.Ng4 Ng6 32.Qe4 Bf7 33.Kh1 h5 34.Nh2 Ne7 35.gxf4 exf4 36.Nf3 Nc5
37.Qe2 Bc4 38.Qc2 Bd3 39.Qc1 Nf5 40.b4 Ne4 41.Qb2 Qe7 42.a4 Be2 43.Nd4 Nxd4
44.cxd4 f3 45.Qb3+ Qf7 46.Qxf7+ Kxf7 47.axb5 fxg2+ 48.Kxg2 Bxb5  0-1

[Event "5th DA Tan Malaysian Open"]
[Site "Kuala Lumpur MAS"]
[Date "2008.08.22"]
[Round "8"]
[White "Ferdiman,T"]
[Black "Tan Khai Boon"]
[Result "0-1"]
[WhiteElo "2000"]
[BlackElo "2133"]

1.e4 c5 2.Nf3 Nc6 3.d4 cxd4 4.Nxd4 Qb6 5.Nb3 Nf6 6.Nc3 e6 7.Be3 Qc7 8.Be2 Bb4
9.f3 d5 10.exd5 Nxd5 11.Bd2 Nxc3 12.bxc3 Bd6 13.g3 Bxg3+ 14.hxg3 Qxg3+ 15.Kf1 e5
16.Be1 Bh3+ 17.Rxh3 Qxh3+ 18.Kg1 Rd8 19.Bf1 Qh5 20.Qe2 Rd6 21.Rd1 Rh6 22.Bg2 O-O
23.Rd7 e4 24.Qxe4 Re6 25.Qh4 Qf5 26.Rd3 Rfe8 27.Bd2 h6 28.Nd4 Nxd4 29.Qxd4 Re2
30.Bf1 R2e6 31.Kf2 Qh5 32.Qg4 Qh2+ 33.Bg2 Rg6 34.Bf4 Rxg4 35.Bxh2 Re2+ 36.Kxe2 Rxg2+
37.Kd1 Rxh2 38.Rd8+ Kh7 39.Rd7 Kg6 40.Rxb7 Rf2 41.c4 Rxf3 42.Rxa7 h5 43.Ra5 Rf5
44.Ra3 Rc5 45.Rc3 f5 46.Kd2 Kf6 47.Rh3 f4 48.Kd3 Kg5 49.Kd4 Rc7 50.c5 Kg4
51.Rh1 f3 52.Ke3 Re7+ 53.Kd3 f2 54.c6 Kg3  0-1

[Event "44th Rubinstein Mem Open A"]
[Site "Polanica Zdroj POL"]
[Date "2008.08.23"]
[Round "5"]
[White "Wierzbicka,W"]
[Black "Majdan,J"]
[Result "0-1"]
[WhiteElo "2033"]
[BlackElo "2323"]

1.e4 c5 2.Nf3 Nc6 3.d4 cxd4 4.Nxd4 Qb6 5.Nb3 Nf6 6.Nc3 e6 7.Be3 Qc7 8.g3 Bb4
9.Bg2 Ne5 10.O-O Bxc3 11.bxc3 d6 12.Kh1 h5 13.h3 Bd7 14.f4 Nc4 15.Bf2 e5
16.Nd2 Nb2 17.Qf3 b5 18.c4 Nxc4 19.Nxc4 Qxc4 20.Rad1 Bg4 21.Qa3 Bxd1 22.Rxd1 O-O
23.Qf3 Rfd8 24.g4 hxg4 25.hxg4 d5 26.fxe5 dxe4 27.Rxd8+ Rxd8 28.Qf5 e3 29.Bh4 Rd1+
30.Kh2 Qxg4 31.Qxg4 Nxg4+ 32.Kg3 g5  0-1